000 00646nam a2200217Ia 4500
005 20250923144704.0
008 008 250917s9999 xx 000 0 eng d
037 _aTextual
040 _aDSWL
_beng
_cDSWL
041 _aeng
_2eng
084 _aYX,ZB, N53
_qDSWL
100 _aKogan, L.S.
_9827403
245 2 _aA follow up study of the results of social casework
_cby L.S. Kogan
260 _aNew York
_bFamily Service Association of America
_c1953
300 _a115p.
365 _aUSD
_b2.5
700 _a J.M.HuntP.F. Bartelme
_9827404
925 _g2.5
942 _cTEXL
_hYX,ZB, N53
999 _c1442070
_d1442070